<?xml version="1.0" encoding="UTF-8"?>
<record
    xmlns:xsi="http://www.w3.org/2001/XMLSchema-instance"
    xsi:schemaLocation="http://www.loc.gov/MARC21/slim http://www.loc.gov/standards/marcxml/schema/MARC21slim.xsd"
    xmlns="http://www.loc.gov/MARC21/slim">

  <leader>01356nam0a22002891  4500</leader>
  <controlfield tag="001">rc\4861708</controlfield>
  <controlfield tag="005">20250612195739.0</controlfield>
  <datafield tag="021" ind1=" " ind2=" ">
    <subfield code="a">RU</subfield>
    <subfield code="b">[59-74680]</subfield>
  </datafield>
  <datafield tag="035" ind1=" " ind2=" ">
    <subfield code="a">(NLR Aleph) 008819095</subfield>
  </datafield>
  <datafield tag="090" ind1=" " ind2=" ">
    <subfield code="a">8210479</subfield>
    <subfield code="c">8210479</subfield>
  </datafield>
  <datafield tag="100" ind1=" " ind2=" ">
    <subfield code="a">20130426d1959    |||y0rusy50      ca</subfield>
  </datafield>
  <datafield tag="101" ind1="1" ind2=" ">
    <subfield code="a">rus</subfield>
    <subfield code="c">bak</subfield>
  </datafield>
  <datafield tag="102" ind1=" " ind2=" ">
    <subfield code="a">RU</subfield>
  </datafield>
  <datafield tag="105" ind1=" " ind2=" ">
    <subfield code="a">y   z   |||a|</subfield>
  </datafield>
  <datafield tag="200" ind1="1" ind2=" ">
    <subfield code="a">&#x41F;&#x43E;&#x432;&#x435;&#x441;&#x442;&#x438; &#x438; &#x440;&#x430;&#x441;&#x441;&#x43A;&#x430;&#x437;&#x44B;</subfield>
    <subfield code="e">&#x41F;&#x435;&#x440;. &#x441; &#x431;&#x430;&#x448;&#x43A;.</subfield>
  </datafield>
  <datafield tag="210" ind1=" " ind2=" ">
    <subfield code="a">&#x41C;&#x43E;&#x441;&#x43A;&#x432;&#x430;</subfield>
    <subfield code="c">&#x421;&#x43E;&#x432;. &#x43F;&#x438;&#x441;&#x430;&#x442;&#x435;&#x43B;&#x44C;</subfield>
    <subfield code="d">1959</subfield>
  </datafield>
  <datafield tag="215" ind1=" " ind2=" ">
    <subfield code="a">256 &#x441;.</subfield>
    <subfield code="d">17</subfield>
  </datafield>
  <datafield tag="300" ind1=" " ind2=" ">
    <subfield code="a">&#x41D;&#x430; &#x43F;&#x435;&#x440;&#x435;&#x43F;&#x43B;&#x435;&#x442;&#x435; &#x437;&#x430;&#x433;&#x43B;.: &#x420;&#x430;&#x441;&#x441;&#x43A;&#x430;&#x437;&#x44B;</subfield>
  </datafield>
  <datafield tag="327" ind1="1" ind2=" ">
    <subfield code="a">&#x421;&#x43E;&#x434;&#x435;&#x440;&#x436;.: &#x422;&#x440;&#x435;&#x442;&#x44C;&#x435; &#x43F;&#x440;&#x43E;&#x437;&#x432;&#x438;&#x449;&#x435;; &#x413;&#x43E;&#x440;&#x430; &#x424;&#x438;&#x440;&#x44E;&#x437;&#x44B;; &#x41F;&#x43E;&#x43F;&#x443;&#x442;&#x447;&#x438;&#x446;&#x44B;; &#x412; &#x43F;&#x443;&#x442;&#x438;; &#x420;&#x44B;&#x431;&#x43E;&#x43B;&#x43E;&#x432;&#x44B;; &#x41A;&#x440;&#x430;&#x441;&#x43D;&#x44B;&#x439; &#x43F;&#x43E;&#x44F;&#x441;; &#x414;&#x43E;&#x43C; &#x441; &#x43D;&#x435;&#x432;&#x435;&#x441;&#x442;&#x43E;&#x439;; &#x411;&#x430;&#x431;&#x443;&#x448;&#x43A;&#x430; &#x420;&#x430;&#x448;&#x438;&#x434;&#x430;; &#x417;&#x438;&#x444;&#x430;-&#x430;&#x43F;&#x430;&#x439;; &#x411;&#x430;&#x431;&#x443;&#x448;&#x43A;&#x430; &#x41C;&#x430;&#x439;&#x433;&#x443;&#x43B;&#x44C;, &#x438; &#x434;&#x440;&#x443;&#x433;&#x438;&#x435; &#x440;&#x430;&#x441;&#x441;&#x43A;&#x430;&#x437;&#x44B;</subfield>
  </datafield>
  <datafield tag="464" ind1=" " ind2="0">
    <subfield code="1">2001#$a&#x422;&#x440;&#x435;&#x442;&#x44C;&#x435; &#x43F;&#x440;&#x43E;&#x437;&#x432;&#x438;&#x449;&#x435;$a&#x413;&#x43E;&#x440;&#x430; &#x424;&#x438;&#x440;&#x44E;&#x437;&#x44B;$a&#x41F;&#x43E;&#x43F;&#x443;&#x442;&#x447;&#x438;&#x446;&#x44B;$a&#x412; &#x43F;&#x443;&#x442;&#x438;$a&#x420;&#x44B;&#x431;&#x43E;&#x43B;&#x43E;&#x432;&#x44B;$a&#x41A;&#x440;&#x430;&#x441;&#x43D;&#x44B;&#x439; &#x43F;&#x43E;&#x44F;&#x441;$a&#x414;&#x43E;&#x43C; &#x441; &#x43D;&#x435;&#x432;&#x435;&#x441;&#x442;&#x43E;&#x439;$a&#x411;&#x430;&#x431;&#x443;&#x448;&#x43A;&#x430; &#x420;&#x430;&#x448;&#x438;&#x434;&#x430;$a&#x417;&#x438;&#x444;&#x430;-&#x430;&#x43F;&#x430;&#x439;$a&#x411;&#x430;&#x431;&#x443;&#x448;&#x43A;&#x430; &#x41C;&#x430;&#x439;&#x433;&#x443;&#x43B;&#x44C;</subfield>
    <subfield code="t">&#x411;&#x430;&#x431;&#x443;&#x448;&#x43A;&#x430; &#x41C;&#x430;&#x439;&#x433;&#x443;&#x43B;&#x44C;</subfield>
  </datafield>
  <datafield tag="517" ind1="0" ind2=" ">
    <subfield code="a">&#x420;&#x430;&#x441;&#x441;&#x43A;&#x430;&#x437;&#x44B;</subfield>
  </datafield>
  <datafield tag="700" ind1=" " ind2="1">
    <subfield code="a">&#x41C;&#x44D;&#x440;&#x433;&#x44D;&#x43D;</subfield>
    <subfield code="b">&#x41A;.</subfield>
    <subfield code="f">1912-1984</subfield>
    <subfield code="g">&#x41A;&#x438;&#x440;&#x435;&#x439;</subfield>
  </datafield>
  <datafield tag="801" ind1=" " ind2="0">
    <subfield code="a">RU</subfield>
    <subfield code="b">NLR</subfield>
    <subfield code="g">psbo</subfield>
  </datafield>
  <datafield tag="801" ind1=" " ind2="1">
    <subfield code="a">RU</subfield>
    <subfield code="b">ELAR</subfield>
    <subfield code="2">rusmarc</subfield>
  </datafield>
  <datafield tag="852" ind1=" " ind2=" ">
    <subfield code="a">NLR</subfield>
    <subfield code="j">59-2/2761</subfield>
  </datafield>
  <datafield tag="942" ind1=" " ind2=" ">
    <subfield code="c">BOOK</subfield>
  </datafield>
  <datafield tag="980" ind1=" " ind2=" ">
    <subfield code="a">NB</subfield>
  </datafield>
  <datafield tag="995" ind1=" " ind2=" ">
    <subfield code="5">2013-10-26</subfield>
    <subfield code="b">NLR01</subfield>
    <subfield code="c">NLR01</subfield>
    <subfield code="e">RF31</subfield>
    <subfield code="f">8819095-10</subfield>
    <subfield code="k">59-2/2761</subfield>
    <subfield code="o">0</subfield>
    <subfield code="r">BOOK</subfield>
    <subfield code="s">5922761_</subfield>
  </datafield>
</record>
